000 00357nam a22001337a 4500
020 _a81-250-2076-4
082 _a510
_bFLA/T
100 _aFLATT JOHN
245 _a366 MATHS PLUS IDEAS
_bPRACTICAL PROBLEM SOLVERS FOR EVERY DAY OF THE YEAR
260 _aDELHI
_bORIENT LONGMAN LIMITED
_c1999
300 _a188
650 _aMATHS REFERENCE
_zINDIA
942 _cBK
999 _c1244
_d1244